<?xml version="1.0" encoding="UTF-8"?>
<record
    xmlns:xsi="http://www.w3.org/2001/XMLSchema-instance"
    xsi:schemaLocation="http://www.loc.gov/MARC21/slim http://www.loc.gov/standards/marcxml/schema/MARC21slim.xsd"
    xmlns="http://www.loc.gov/MARC21/slim">

  <leader>01797nam a22002657a 4500</leader>
  <controlfield tag="001">1593</controlfield>
  <controlfield tag="003">FISKH</controlfield>
  <controlfield tag="005">20250527113205.0</controlfield>
  <controlfield tag="008">230908b        cb ||||| |||| 00| 0 khr d</controlfield>
  <datafield tag="020" ind1=" " ind2=" ">
    <subfield code="a">9789924341468</subfield>
  </datafield>
  <datafield tag="040" ind1=" " ind2=" ">
    <subfield code="a">FISKH </subfield>
    <subfield code="b">eng</subfield>
    <subfield code="c">FISKH </subfield>
    <subfield code="d">FISKH </subfield>
  </datafield>
  <datafield tag="082" ind1=" " ind2=" ">
    <subfield code="a">920.72</subfield>
  </datafield>
  <datafield tag="100" ind1=" " ind2=" ">
    <subfield code="a">Bagieu, Penelope </subfield>
  </datafield>
  <datafield tag="245" ind1=" " ind2=" ">
    <subfield code="a">&#x1793;&#x17B6;&#x179A;&#x17B8;&#x1780;&#x17D2;&#x179B;&#x17B6;&#x17A0;&#x17B6;&#x1793; /</subfield>
    <subfield code="b">&#x1792;&#x17D2;&#x179C;&#x17BE;&#x17A2;&#x17D2;&#x179C;&#x17B8;&#x178F;&#x17B6;&#x1798;&#x178F;&#x17C2;&#x1791;&#x17C6;&#x1793;&#x17BE;&#x1784;&#x1785;&#x17B7;&#x178F;&#x17D2;&#x178F; : </subfield>
    <subfield code="c">&#x1794;&#x1780;&#x1794;&#x17D2;&#x179A;&#x17C2;&#x1796;&#x17B8;&#x1797;&#x17B6;&#x179F;&#x17B6;&#x1794;&#x17B6;&#x179A;&#x17B6;&#x17C6;&#x1784;&#x178A;&#x17C4;&#x1799; &#x17A1;&#x17B6;&#x1785; &#x179A;&#x178F;&#x1793;&#x17B6; </subfield>
  </datafield>
  <datafield tag="260" ind1=" " ind2=" ">
    <subfield code="a">Phnom Penh : </subfield>
    <subfield code="b">Sipar, </subfield>
    <subfield code="c">2016. </subfield>
  </datafield>
  <datafield tag="300" ind1=" " ind2=" ">
    <subfield code="a">141 pages : </subfield>
    <subfield code="b">color illustrations ; </subfield>
    <subfield code="c">27 cm </subfield>
  </datafield>
  <datafield tag="505" ind1=" " ind2=" ">
    <subfield code="a">S 
</subfield>
  </datafield>
  <datafield tag="520" ind1=" " ind2=" ">
    <subfield code="a">Cheeky women &#x1782;&#x17BA;&#x1787;&#x17B6;&#x179F;&#x17C0;&#x179C;&#x1797;&#x17C5;&#x1794;&#x17C2;&#x1794;&#x1780;&#x17C6;&#x1794;&#x17D2;&#x179B;&#x17C2;&#x1784;&#x178A;&#x17C2;&#x179B;&#x1794;&#x17D2;&#x179A;&#x17B6;&#x1794;&#x17CB;&#x1796;&#x17B8;&#x178A;&#x17C6;&#x178E;&#x17BE;&#x179A;&#x179A;&#x17BF;&#x1784;&#x1794;&#x17D2;&#x179A;&#x179C;&#x178F;&#x17D2;&#x178F;&#x17B7;&#x179F;&#x17B6;&#x179F;&#x17D2;&#x178F;&#x17D2;&#x179A;&#x1793;&#x17C3;&#x1797;&#x17B6;&#x1796;&#x1780;&#x17D2;&#x179B;&#x17B6;&#x17A0;&#x17B6;&#x1793;&#x179A;&#x1794;&#x179F;&#x17CB;&#x179F;&#x17D2;&#x178F;&#x17D2;&#x179A;&#x17B8;&#x1787;&#x17B6;&#x1780;&#x17CB;&#x179B;&#x17B6;&#x1780;&#x17CB;&#x1798;&#x17BD;&#x1799;&#x1785;&#x17C6;&#x1793;&#x17BD;&#x1793;&#x1780;&#x17D2;&#x1793;&#x17BB;&#x1784;&#x1796;&#x17B7;&#x1797;&#x1796;&#x179B;&#x17C4;&#x1780; &#x178A;&#x17C2;&#x179B;&#x17A0;&#x17CA;&#x17B6;&#x1793;&#x1787;&#x1798;&#x17D2;&#x1793;&#x17C7;&#x1782;&#x17D2;&#x179A;&#x1794;&#x17CB;&#x17A7;&#x1794;&#x179F;&#x1782;&#x17D2;&#x1782;&#x178A;&#x17BE;&#x1798;&#x17D2;&#x1794;&#x17B8;&#x179F;&#x1798;&#x17D2;&#x179A;&#x17C1;&#x1785;&#x1794;&#x17B6;&#x1793;&#x1793;&#x17BC;&#x179C;&#x17A2;&#x17D2;&#x179C;&#x17B8;&#x178A;&#x17C2;&#x179B;&#x1796;&#x17BD;&#x1780;&#x1782;&#x17C1;&#x1782;&#x17B7;&#x178F;&#x1790;&#x17B6;&#x178F;&#x17D2;&#x179A;&#x17B9;&#x1798;&#x178F;&#x17D2;&#x179A;&#x17BC;&#x179C; &#x1793;&#x17B7;&#x1784;&#x17A2;&#x17D2;&#x179C;&#x17B8;&#x178A;&#x17C2;&#x179B;&#x1796;&#x17BD;&#x1780;&#x1782;&#x17C1;&#x1785;&#x1784;&#x17CB;&#x1792;&#x17D2;&#x179C;&#x17BE;&#x179F;&#x1798;&#x17D2;&#x179A;&#x17B6;&#x1794;&#x17CB;&#x1781;&#x17D2;&#x179B;&#x17BD;&#x1793;&#x17AF;&#x1784; &#x1793;&#x17B7;&#x1784;&#x179F;&#x1784;&#x17D2;&#x1782;&#x1798;&#x17D4;</subfield>
  </datafield>
  <datafield tag="520" ind1=" " ind2=" ">
    <subfield code="a">Cheeky women is a comic book telling the story of history of the courage of some specific women in the world who dared to overcome all the obstacles to achieve what they think it is right and what they want to do for themselves and society.</subfield>
  </datafield>
  <datafield tag="521" ind1="8" ind2=" ">
    <subfield code="a">790 
</subfield>
    <subfield code="b">S
</subfield>
  </datafield>
  <datafield tag="521" ind1="8" ind2=" ">
    <subfield code="a">Lexile estimate 
</subfield>
    <subfield code="b">Raz-Plus 
</subfield>
  </datafield>
  <datafield tag="650" ind1=" " ind2=" ">
    <subfield code="a">&#x1780;&#x17D2;&#x179B;&#x17B6;&#x17A0;&#x17B6;&#x1793; </subfield>
    <subfield code="v">&#x1793;&#x17B6;&#x179A;&#x17B8;&#x1781;&#x17D2;&#x179B;&#x17B6;&#x17C6;&#x1784; </subfield>
  </datafield>
  <datafield tag="650" ind1=" " ind2=" ">
    <subfield code="a">Cheeky </subfield>
    <subfield code="v">Strong women </subfield>
  </datafield>
  <datafield tag="942" ind1=" " ind2=" ">
    <subfield code="2">ddc</subfield>
    <subfield code="c">BK</subfield>
    <subfield code="n">0</subfield>
  </datafield>
  <datafield tag="999" ind1=" " ind2=" ">
    <subfield code="c">1593</subfield>
    <subfield code="d">1593</subfield>
  </datafield>
  <datafield tag="952" ind1=" " ind2=" ">
    <subfield code="0">0</subfield>
    <subfield code="1">0</subfield>
    <subfield code="2">ddc</subfield>
    <subfield code="4">0</subfield>
    <subfield code="7">0</subfield>
    <subfield code="8">KH</subfield>
    <subfield code="a">001</subfield>
    <subfield code="b">001</subfield>
    <subfield code="c">KHRS</subfield>
    <subfield code="d">2023-09-08</subfield>
    <subfield code="l">0</subfield>
    <subfield code="o">BAG 920.72</subfield>
    <subfield code="p">2023-0538</subfield>
    <subfield code="r">2023-09-08 13:21:13</subfield>
    <subfield code="t">1</subfield>
    <subfield code="w">2023-09-08</subfield>
    <subfield code="y">BK</subfield>
  </datafield>
  <datafield tag="952" ind1=" " ind2=" ">
    <subfield code="0">0</subfield>
    <subfield code="1">0</subfield>
    <subfield code="2">ddc</subfield>
    <subfield code="4">0</subfield>
    <subfield code="7">0</subfield>
    <subfield code="8">KH</subfield>
    <subfield code="a">002</subfield>
    <subfield code="b">002</subfield>
    <subfield code="c">SKB</subfield>
    <subfield code="d">2023-09-08</subfield>
    <subfield code="l">2</subfield>
    <subfield code="o">BAG 920.72</subfield>
    <subfield code="p">2023-0539</subfield>
    <subfield code="r">2026-02-02 10:10:01</subfield>
    <subfield code="s">2026-01-05</subfield>
    <subfield code="t">2</subfield>
    <subfield code="w">2023-09-08</subfield>
    <subfield code="y">BK</subfield>
  </datafield>
</record>
